000 00378cam a2200169 4500
001 D14442
008 090401t1902 xxu||||| |||| 00| 0 eng d
035 _a(Sirsi) u15759
041 _aeng
100 _aWhitelaw, John
245 _aSurveying
260 _aLondon
_bCrosby Lockwood and Son
_c1902
350 _a0
520 _aShelf 137
942 _n0
948 _c04/03/1997
999 _c87307
_d87307